{"text_format":"1","workbook":"xlsx","n_sheets":4,"sheets":["製品一覧表","入力補助","表紙","シーリング保証書"],"not_rendered":{"charts":0,"images":0,"macros":1,"external_links":1,"defined_names":17,"comments":1,"pivot_tables":0},"unopened":[],"bounds":{"document_bytes":16777216,"sheet_cells":100000,"rows_first":2000,"rows_last":500,"rows_between":2000,"halvings":0,"cell_chars":16384,"cell_head_chars":4096},"cells_cut":0,"cells_raw":0,"read":"whole","date_system":"1900"}

{"sheet":"製品一覧表","index":0,"n_rows":196,"n_cols":18,"rows_kept":196,"cut":false,"hidden":false,"merged":[[0,17,1,17],[1,10,1,11],[1,13,1,14],[0,0,1,0],[0,1,1,1],[0,2,1,2],[0,3,1,3],[0,4,1,4],[0,5,1,6],[0,7,1,7],[0,8,1,8],[0,9,1,9],[0,10,0,12],[0,13,0,15]]}
["区分","一般名称","製品名","適合工法","備考","１セット当りの容量",null,"ケース当り\nの梱包数","混合比","比重",null,null,null,"旧設計価格（円）",null,null,null,"単位"]
[null,null,null,null,null,null,null,null,null,null,null,null,null,"kg(L)当り",null,"セット当り","kg値上"]
["⑩　ｼｰﾘﾝｸﾞ材","１成分形アクリルウレタン系　ｼｰﾘﾝｸﾞ材","ＡＵクイック","Ｕカットシール材充填工法","非塗装汚染型",333,"ml",20,"1成分形","-",null,null,null,3900,"/L",1300,null,"本"]
["⑩　ｼｰﾘﾝｸﾞ材","２成分形アクリルウレタン系　ｼｰﾘﾝｸﾞ材","ＡＵシール",null,"非塗装汚染型",4,"L",2,"1:3:ｶﾗｰ","-",null,null,null,2000,"/L",8000,null,"set"]
["⑦　ﾗｲﾆﾝｸﾞ材","ＡＭ－ＡＵ工法用エポキシ樹脂系プライマー","ＡＵプライマー",null,null,8,"kg",1,"5:3","-",null,null,null,3200,"/kg",25600,200,"缶"]
["③　ｼｰﾙ材・器具",null,"ＢＣリング","シリンダー工法",null,null,null,50,"-","-",null,null,null,null,null,null,null,"個"]
["③　ｼｰﾙ材・器具",null,"ＢＣ加圧ゴム","シリンダー工法",null,null,null,"440～450","-","-",null,null,null,null,null,null,null,"個"]
["③　ｼｰﾙ材・器具",null,"ＢＣ座金","シリンダー工法",null,null,null,100,"-","-",null,null,null,null,null,null,null,"個"]
["③　ｼｰﾙ材・器具",null,"ＢＣ入隅座金","シリンダー工法",null,null,null,50,"-","-",null,null,null,null,null,null,null,"個"]
["②　断面修復関係","カチオン系ポリマーセメント混和剤","ＣＡＴ１８",null,null,18,"kg",1,"-","-",null,null,null,800,"/kg",14400,200,"缶"]
["③　ｼｰﾙ材・器具","注入口付ステンレスアンカーピン","ＣＰアンカーピン６１０","CPアンカーピン工法","6φ×100mm",null,null,"1200\n100*12","-","-",null,null,null,250,"/本",0,20,"本"]
["③　ｼｰﾙ材・器具","カーボピンネット工法用ワッシャ―付ステンレスアンカーピン（ＡＬＣ用）","ＣＰアンカーピンＡＬ６７０","カーボピンネット工法","6φ×70mm",null,null,"1200\n100*12","-","-",null,null,null,350,"/本",350,20,"本"]
["③　ｼｰﾙ材・器具","注入口付ステンレスアンカーピン","ＣＰアンカーピンＥ５５０",null,"4.7φ×50mm",null,null,"2400\n200*12","-","-",null,null,null,null,null,null,null,"本"]
["③　ｼｰﾙ材・器具","注入口付ステンレスアンカーピン","ＣＰアンカーピンＥ５７０",null,"4.7φ×70mm",null,null,"2400\n200*12","-","-",null,null,null,null,null,null,null,"本"]
["③　ｼｰﾙ材・器具","注入口付ステンレスアンカーピン","ＣＰアンカーピンＥ６５０","CPアンカーピン工法","6φ×50mm",null,null,"1200\n100*12","-","-",null,null,null,150,"/本",0,20,"本"]
["③　ｼｰﾙ材・器具","注入口付ステンレスアンカーピン","ＣＰアンカーピンＥ６７０","CPアンカーピン工法","6φ×70mm",null,null,"1200\n100*12","-","-",null,null,null,160,"/本",0,20,"本"]
["③　ｼｰﾙ材・器具","カーボピンネット工法用ワッシャ―付ステンレスアンカーピン","ＣＰアンカーピンＮ５３０","カーボピンネット工法","5φ×30mm",null,null,"2400\n200*12","-","-",null,null,null,140,"/本",140,20,"本"]
["③　ｼｰﾙ材・器具","カーボピンネット工法用ワッシャ―付ステンレスアンカーピン","ＣＰアンカーピンＮ６１０","カーボピンネット工法","6φ×100mm",null,null,"1200\n100*12","-","-",null,null,null,240,"/本",0,80,"本"]
["③　ｼｰﾙ材・器具","カーボピンネット工法用ワッシャ―付ステンレスアンカーピン","ＣＰアンカーピンＮ６５０","カーボピンネット工法","6φ×50mm",null,null,"1200\n100*12","-","-",null,null,null,200,"/本",0,20,"本"]
["③　ｼｰﾙ材・器具","カーボピンネット工法用ワッシャ―付ステンレスアンカーピン","ＣＰアンカーピンＮ６７０","カーボピンネット工法","6φ×70mm",null,null,"1200\n100*12","-","-",null,null,null,240,"/本",0,-10,"本"]
[null,null,"ＣＰキャップ６．５",null,null,null,null,null,null,null,null,null,null,null,null,null,null,"個"]
[null,null,"ＣＰキャップ９．０",null,null,null,null,null,null,null,null,null,null,null,null,null,null,"個"]
["⑥土木補強用接着剤","新旧コンクリート打継用エポキシ樹脂系プライマー","Ｅ１２００",null,"打継可能時間72時間\n湿潤面接着可能",6,"kg",2,"S5:1\nW4:1",1.2,null,null,null,3000,"/kg",18000,400,"set"]
["⑥土木補強用接着剤","新旧コンクリート打継用エポキシ樹脂系プライマー","Ｅ１２００Ｓ",null,"打継可能時間72時間\n湿潤面接着可能",6,"kg",2,"S5:1\nW4:1",1.2,null,null,null,3000,"/kg",18000,400,"set"]
["⑥土木補強用接着剤","新旧コンクリート打継用エポキシ樹脂系プライマー","Ｅ１２００Ｗ",null,"打継可能時間72時間\n湿潤面接着可能",6,"kg",2,"S5:1\nW4:1",1.2,null,null,null,3000,"/kg",18000,400,"set"]
["⑥土木補強用接着剤","打継用・アンカー固定用・接着用エポキシ樹脂","Ｅ２００",null,"湿潤面接着可能","注意！","kg",10,"4:1",1.35,null,null,null,2600,"/kg",2600,400,"set"]
["①　注入材","超低粘度形注入補修用エポキシ樹脂","Ｅ２０５","シリンダー工法\nエポモルグラウト工法",null,4,"kg",4,"3:1",1.1000000000000001,null,null,null,3500,"/kg",14000,300,"set"]
["①　注入材","低粘度形注入補修用エポキシ樹脂","Ｅ２０６","シリンダー工法\nエポモルグラウト工法","JIS A 6024　国土省・ＮＥＸＣＯ・阪高 注入材１種",3,"kg",4,"2:1","S1.15 W1.20",null,null,null,3300,"/kg",9900,500,"set"]
["①　注入材","低粘度形注入補修用エポキシ樹脂","Ｅ２０６Ｓ","シリンダー工法\nエポモルグラウト工法","JIS A 6024　国土省・ＮＥＸＣＯ・阪高 注入材１種",3,"kg",4,"2:1","S1.15 W1.20",null,null,null,3300,"/kg",9900,500,"set"]
["①　注入材","低粘度形注入補修用エポキシ樹脂","Ｅ２０６ＳＳ","シリンダー工法\nエポモルグラウト工法","盛夏用",3,"kg",4,"2:1",1.1499999999999999,null,null,null,3300,"/kg",9900,500,"set"]
["①　注入材","低粘度形注入補修用エポキシ樹脂","Ｅ２０６Ｗ","シリンダー工法\nエポモルグラウト工法","JIS A 6024　国土省・ＮＥＸＣＯ・阪高 注入材１種",3,"kg",4,"2:1","S1.15 W1.20",null,null,null,3300,"/kg",9900,500,"set"]
["①　注入材","揺変形注入補修用エポキシ樹脂","Ｅ２０７Ｄ","シリンダー工法\nピンニング工法","JIS A 6024",3,"kg",4,"2:1",1.1499999999999999,null,null,null,3300,"/kg",9900,500,"set"]
["①　注入材","揺変形注入補修用エポキシ樹脂","Ｅ２０７ＤＳ","シリンダー工法\nピンニング工法","JIS A 6024",3,"kg",4,"2:1",1.1499999999999999,null,null,null,3300,"/kg",9900,500,"set"]
["①　注入材","揺変形注入補修用エポキシ樹脂","Ｅ２０７ＤＷ","シリンダー工法\nピンニング工法","JIS A 6024",3,"kg",4,"2:1",1.1499999999999999,null,null,null,3300,"/kg",9900,500,"set"]
["①　注入材","注入補修用・充填接着用高粘度形ｴﾎﾟｷｼ樹脂\nPモルタル用バインダー","Ｅ２０８","ピンニング工法","JIS A 6024",3,"kg",4,"2:1",1.1499999999999999,null,null,null,3300,"/kg",9900,500,"set"]
["①　注入材","注入補修用・充填接着用高粘度形ｴﾎﾟｷｼ樹脂\nPモルタル用バインダー","Ｅ２０８ＳＳ","ピンニング工法","JIS A 6024",3,"kg",4,"2:1",1.1499999999999999,null,null,null,3300,"/kg",9900,500,"set"]
["①　注入材","注入補修用・充填接着用高粘度形ｴﾎﾟｷｼ樹脂\nPモルタル用バインダー","Ｅ２０８Ｓ","ピンニング工法","JIS A 6024",3,"kg",4,"2:1",1.1499999999999999,null,null,null,3300,"/kg",9900,500,"set"]
["①　注入材","注入補修用・充填接着用高粘度形ｴﾎﾟｷｼ樹脂\nPモルタル用バインダー","Ｅ２０８Ｗ","ピンニング工法","JIS A 6024",3,"kg",4,"2:1",1.1499999999999999,null,null,null,3300,"/kg",9900,500,"set"]
["①　注入材","注入補修用・充填接着用高粘度形エポキシ樹脂","Ｅ２０９","ピンニング工法","JIS A 6024",null,"kg",4,"2:1",1.1499999999999999,null,null,null,3300,"/kg",9900,500,"set"]
["①　注入材","注入補修用・充填接着用高粘度形エポキシ樹脂","Ｅ２０９Ｓ","ピンニング工法","JIS A 6024",null,"kg",4,"2:1",1.1499999999999999,null,null,null,3300,"/kg",9900,500,"set"]
["①　注入材","注入補修用・充填接着用高粘度形エポキシ樹脂","Ｅ２０９Ｗ","ピンニング工法","JIS A 6024",null,"kg",4,"2:1",1.1499999999999999,null,null,null,3300,"/kg",9900,500,"set"]
["⑥土木補強用接着剤","グラウト用・アンカー固定用エポキシ樹脂","Ｅ２３００","鋼板注入工法\nアンカー工法","国土交通省・ＮＥＸＣＯ・阪高",15,"kg",1,"2:1",1.2,null,null,null,2800,"/kg",42000,400,"set"]
["⑥土木補強用接着剤","グラウト用・アンカー固定用エポキシ樹脂","Ｅ２３００Ｓ","鋼板注入工法\nアンカー工法","国土交通省・ＮＥＸＣＯ・阪高",15,"kg",1,"2:1",1.2,null,null,null,2800,"/kg",42000,400,"set"]
["⑥土木補強用接着剤","グラウト用・アンカー固定用エポキシ樹脂","Ｅ２３００Ｗ","鋼板注入工法\nアンカー工法","国土交通省・ＮＥＸＣＯ・阪高",15,"kg",1,"2:1",1.2,null,null,null,2800,"/kg",42000,400,"set"]
["⑥土木補強用接着剤","グラウト用・アンカー固定用エポキシ樹脂","Ｅ２３００Ｊ","鋼板注入工法\nアンカー工法","国土交通省・NEXCO・阪高\n湿潤面接着可能",15,"kg",1,"2:1",1.2,null,null,null,2900,"/kg",43500,400,"set"]
["⑥土木補強用接着剤","グラウト用・アンカー固定用エポキシ樹脂","Ｅ２３００ＪＳ","鋼板注入工法\nアンカー工法","国土交通省・NEXCO・阪高\n湿潤面接着可能",15,"kg",1,"2:1",1.2,null,null,null,2900,"/kg",43500,400,"set"]
["⑥土木補強用接着剤","グラウト用・アンカー固定用エポキシ樹脂","Ｅ２３００ＪＷ","鋼板注入工法\nアンカー工法","国土交通省・NEXCO・阪高\n湿潤面接着可能",15,"kg",1,"2:1",1.2,null,null,null,2900,"/kg",43500,400,"set"]
["⑥土木補強用接着剤","エポキシ樹脂系パテ状シール材","Ｅ２３７０Ｍ",null,"土木用パテ・シール材",15,"kg",1,"2:1",1.6,null,null,null,2250,"/kg",33750,250,"set"]
["⑥土木補強用接着剤","エポキシ樹脂系パテ状シール材","Ｅ２３７０ＭＳ",null,"土木用パテ・シール材",15,"kg",1,"2:1",1.6,null,null,null,2250,"/kg",33750,250,"set"]
["⑥土木補強用接着剤","エポキシ樹脂系パテ状シール材","Ｅ２３７０ＭＷ",null,"土木用パテ・シール材",15,"kg",1,"2:1",1.6,null,null,null,2250,"/kg",33750,250,"set"]
[null,null,"Ｅ２９００Ｊ",null,null,null,"kg",null,null,null,null,null,null,null,null,null,null,"set"]
[null,null,"Ｅ２９００ＪＳ",null,null,null,"kg",null,null,null,null,null,null,null,null,null,null,"set"]
[null,null,"Ｅ２９００ＪＷ",null,null,null,"kg",null,null,null,null,null,null,null,null,null,null,"set"]
["⑨　その他","コンクリート・金属用エポキシ樹脂接着剤","Ｅ２３０Ｇ",null,"湿潤面接着可能\n2連式カートリッジ",400,"ml",20,null,1.2,null,null,null,null,null,null,null,"個"]
["⑥土木補強用接着剤","可とう性・速硬化型エポキシ樹脂","Ｅ２４１０","ロードマットレジン工法",null,15,"kg",1,"2:1",1.2,null,null,null,4400,"/kg",66000,600,"set"]
["①　注入材","可とう性注入用エポキシ樹脂","Ｅ２４２０","シリンダー工法","JIS A 6024　国土省・ＮＥＸＣＯ・阪高　注入材３種",3,"kg",4,"2:1",1.1499999999999999,null,null,null,4000,"/kg",12000,400,"set"]
["①　注入材","可とう性注入用エポキシ樹脂","Ｅ２４２０Ｄ","シリンダー工法","JIS A 6024　国土省・ＮＥＸＣＯ・阪高　注入材２種",3,"kg",4,"2:1",1.1499999999999999,null,null,null,4000,"/kg",12000,400,"set"]
["⑨　その他","コンクリート・金属用エポキシ樹脂接着剤","Ｅ２５０",null,null,2,"kg",6,"1:1",1.4,null,null,null,3000,"/kg",6000,200,"set"]
["⑥土木補強用接着剤","連続繊維シート含浸用高強度エポキシ樹脂","Ｅ２５００","連続繊維シート補強工法",null,15,"kg",1,"2:1",1.1499999999999999,null,null,null,3300,"/kg",49500,400,"set"]
["⑥土木補強用接着剤","連続繊維シート含浸用高強度エポキシ樹脂","Ｅ２５００Ｓ","連続繊維シート補強工法",null,15,"kg",1,"2:1",1.1499999999999999,null,null,null,3300,"/kg",49500,400,"set"]
["⑥土木補強用接着剤","連続繊維シート含浸用高強度エポキシ樹脂","Ｅ２５００Ｗ","連続繊維シート補強工法",null,15,"kg",1,"2:1",1.1499999999999999,null,null,null,3300,"/kg",49500,400,"set"]
["⑥土木補強用接着剤","金属/ＣＦＲＰ用エポキシ樹脂系接着剤","Ｅ２５８","剥落防止工法",null,6,"kg",1,"2:1",1.35,null,null,null,2800,"/kg",16800,1200,"set"]
["③　ｼｰﾙ材・器具","水中硬化型エポキシ樹脂パテ状接着剤","Ｅ３８０",null,null,"注意","！",1,"1:1",1.7,null,null,null,2300,"/kg",13800,200,"set"]
["③　ｼｰﾙ材・器具","可とう性エポキシシール材","Ｅ３８０Ｆ","Ｕカットシール材充填工法","湿潤面接着可能\nガン打ち可能",8,"kg",2,"1:1",1.45,null,null,null,2800,"/kg",22400,400,"set"]
["③　ｼｰﾙ材・器具","水中硬化型エポキシ樹脂パテ状接着剤","Ｅ３８０Ｗ",null,"低温作業性良好",10,"kg",2,"1:1",1.7,null,null,null,2300,"/kg",23000,300,"set"]
["③　ｼｰﾙ材・器具","エポキシ樹脂系パテ状シール材","Ｅ３９０",null,"建築用パテ・シール材",6,"kg",2,"2:1",1.6,null,null,null,2300,"/kg",13800,400,"set"]
["⑦　ﾗｲﾆﾝｸﾞ材","エポキシ樹脂系パテ状不陸調整材","Ｅ３９５","連続繊維シート補強工法",null,15,"kg",1,"2:1",1.5,null,null,null,2050,"/kg",30750,250,"set"]
["⑦　ﾗｲﾆﾝｸﾞ材","エポキシ樹脂系パテ状不陸調整材","Ｅ３９５Ｓ","連続繊維シート補強工法",null,15,"kg",1,"2:1",1.5,null,null,null,2050,"/kg",30750,250,"set"]
["⑦　ﾗｲﾆﾝｸﾞ材","エポキシ樹脂系パテ状不陸調整材","Ｅ３９５Ｗ","連続繊維シート補強工法",null,15,"kg",1,"2:1",1.5,null,null,null,2050,"/kg",30750,250,"set"]
["⑦　ﾗｲﾆﾝｸﾞ材","エポキシ樹脂系　ﾗｲﾆﾝｸﾞ材","Ｅ４０００Ｎ","AM工法","JWWA K 143-2004・\n厚生省令第15号",15,"kg",1,"4:1","-",null,null,null,2500,"/kg",37500,400,"set"]
["⑦　ﾗｲﾆﾝｸﾞ材","エポキシ樹脂系高性能防食　ﾗｲﾆﾝｸﾞ材","Ｅ４５０Ｃ","ＰＭ工法（下水道事業団\n・農業集落排水施設）",null,18,"kg",1,"5:1",1.4,null,null,null,2900,"/kg",52200,200,"set"]
["⑦　ﾗｲﾆﾝｸﾞ材","エポキシ樹脂系高性能防食　ﾗｲﾆﾝｸﾞ材","Ｅ４５５ＣＳ","ＰＭ工法（下水道事業団）",null,18,"kg",1,"5:1",1.4,null,null,null,2900,"/kg",52200,200,"set"]
["⑦　ﾗｲﾆﾝｸﾞ材","エポキシ樹脂系高性能防食　ﾗｲﾆﾝｸﾞ材","Ｅ４５５ＣＷ","ＰＭ工法（下水道事業団）",null,18,"kg",1,"5:1",1.4,null,null,null,2900,"/kg",52200,200,"set"]
["④　Uｶｯﾄ工法充てん材","パテ状可とう性エポキシ樹脂","Ｅ６００","Ｕカットシール材充填工法",null,10,"kg",1,"1:1",1.3,null,null,null,2600,"/kg",26000,400,"set"]
["⑦　ﾗｲﾆﾝｸﾞ材","無溶剤形湿潤面対応エポキシ樹脂系プライマー","Ｅ８１０Ｌ","各種ライニング工法",null,7,"kg",1,"5:2",1.1000000000000001,null,null,null,3300,"/kg",23100,400,"set"]
["⑦　ﾗｲﾆﾝｸﾞ材","無溶剤形湿潤面対応エポキシ樹脂系プライマー","Ｅ８１０ＬＳ","各種ライニング工法",null,7,"kg",1,"5:2",1.1000000000000001,null,null,null,3300,"/kg",23100,400,"set"]
["⑦　ﾗｲﾆﾝｸﾞ材","無溶剤形湿潤面対応エポキシ樹脂系プライマー","Ｅ８１０ＬＷ","各種ライニング工法",null,7,"kg",1,"5:2",1.1000000000000001,null,null,null,3300,"/kg",23100,400,"set"]
[null,null,"Ｅ２６０１",null,null,3,"kg",null,null,null,null,null,null,null,null,null,null,"set"]
[null,null,"Ｅ２６０１Ｓ",null,null,3,"kg",null,null,null,null,null,null,null,null,null,null,"set"]
[null,null,"Ｅ２６０１Ｗ",null,null,3,"kg",null,null,null,null,null,null,null,null,null,null,"set"]
["⑧ﾀｲﾙ・石材貼り用接着剤","石材施工用エポキシ樹脂系接着剤","ＥＫ２７０",null,null,20,"kg",1,"1:1",1.9,null,null,null,1600,"/kg",32000,300,"set"]
["⑧ﾀｲﾙ・石材貼り用接着剤","石材施工用エポキシ樹脂系接着剤","ＥＫ２７０Ｓ",null,null,20,"kg",1,"1:1",1.9,null,null,null,1600,"/kg",32000,300,"set"]
["⑧ﾀｲﾙ・石材貼り用接着剤","石材施工用エポキシ樹脂系接着剤","ＥＫ２７０Ｗ",null,null,20,"kg",1,"1:1",1.9,null,null,null,1600,"/kg",32000,300,"set"]
["⑧ﾀｲﾙ・石材貼り用接着剤","浴室内壁タイル貼り用エポキシ樹脂系接着剤","ＥＫ３７０",null,"JIS A 5548",20,"kg",1,"1:1",1.65,null,null,null,1600,"/kg",32000,300,"set"]
["⑧ﾀｲﾙ・石材貼り用接着剤","浴室内壁タイル貼り用エポキシ樹脂系接着剤","ＥＫ３７０Ｓ",null,"JIS A 5548",20,"kg",1,"1:1",1.65,null,null,null,1600,"/kg",32000,300,"set"]
["⑧ﾀｲﾙ・石材貼り用接着剤","浴室内壁タイル貼り用エポキシ樹脂系接着剤","ＥＫ３７０Ｗ",null,"JIS A 5548",20,"kg",1,"1:1",1.65,null,null,null,1600,"/kg",32000,300,"set"]
["⑧ﾀｲﾙ・石材貼り用接着剤","タイル・石材貼り用弾力性接着剤","ＥＭＳ２０",null,null,20,"kg",1,"1:1",1.5,null,null,null,1900,"/kg",38000,300,"set"]
["③　ｼｰﾙ材・器具","弾性接着剤・目地充てん材","ＥＭＳセグメントシール",null,"土木用",8,"kg",1,"1:1",1.22,null,null,null,2600,"/kg",20800,400,"set"]
["⑦　ﾗｲﾆﾝｸﾞ材","エポキシ樹脂系エマルジョン形ポリマーセメントモルタル","ＥＰＣモルタル",null,"下水道事業団・農業集落配水施設　素地調整材",20,"kg",1,"3:1",1.8,null,null,null,800,"/kg",16000,50,"set"]
["⑨　その他","エポキシ樹脂用うすめ液","Ｅうすめ液",null,null,15,"kg",1,"-","-",null,null,null,800,"/kg",12000,200,"缶"]
["⑦　ﾗｲﾆﾝｸﾞ材","ライニング用エポキシ樹脂系プライマー","Ｅプライマー","各種ライニング工法",null,8,"kg",1,"1:1",1,null,null,null,2200,"/kg",17600,300,"set"]
["②　断面修復関係","エポキシ樹脂モルタル","Ｅモルタル","断面修復",null,9,"kg",2,"2:1",1.2,null,null,null,1650,"/kg",14850,600,"set"]
["⑤　はく落防止関係","エフレックスＦ１希釈剤","Ｆ１希釈剤",null,null,4,"L",4,"-","-",null,null,null,null,null,null,null,"缶"]
["⑩　ｼｰﾘﾝｸﾞ材","耐火構造用２成分形変成シリコン系　ｼｰﾘﾝｸﾞ材","ＦＲシール",null,"壁・床2時間耐火",4,"L",2,"10:1:ｶﾗｰ","-",null,null,null,5000,"/L",20000,1000,"set"]
["②　断面修復関係","軽量エポキシ樹脂モルタル","Ｋモルタル","断面修復",null,8,"L",2,"2:1",0.75,null,null,null,2250,"/L",18000,450,"set"]
["③　ｼｰﾙ材・器具","タイル固定用特殊アンカーピン\n（着色込み・調色別途）","ＭＧアンカーピン４５０",null,"4φ×50mm",null,null,"2400\n200*12",null,"-",null,null,null,null,null,null,null,"本"]
["③　ｼｰﾙ材・器具","タイル固定用特殊アンカーピン\n（着色込み・調色別途）","ＭＧアンカーピン４７０",null,"4φ×70mm",null,null,"2400\n200*12",null,"-",null,null,null,null,null,null,null,"本"]
["③　ｼｰﾙ材・器具","タイル固定用特殊アンカーピン\n（着色込み・調色別途）","ＭＧアンカーピン４３６",null,"4φ×36mm",1,"本","2400\n200*12",null,"-",null,null,null,null,null,null,null,"本"]
["⑩　ｼｰﾘﾝｸﾞ材","１成分形変成シリコン　ｼｰﾘﾝｸﾞ材","ＭＳコーク",null,"ＭＳシールと同色",333,"ml",20,"-","-",null,null,null,4800,"/L",1600,300,"本"]
["⑩　ｼｰﾘﾝｸﾞ材","２成分形変成シリコン　ｼｰﾘﾝｸﾞ材","ＭＳシール",null,null,4,"L",2,"10:1:ｶﾗｰ","-",null,null,null,2000,"/L",8000,400,"set"]
["⑩　ｼｰﾘﾝｸﾞ材","２成分形変成シリコン　ｼｰﾘﾝｸﾞ材","ＭＳシール超耐久",null,null,4,"L",2,"10:1:ｶﾗｰ","-",null,null,null,2000,"/L",8000,400,"set"]
["③　ｼｰﾙ材・器具","注入用１液型変成シリコーンエポキシ樹脂","ＯＧグラウト","ＯＧＳ工法",null,330,"ml",10,"-","-",null,null,null,27000,"/L",9000,0,"本"]
["③　ｼｰﾙ材・器具","１液型弾力性エポキシ樹脂注入工法用注入器具","ＯＧグラウトガン","ＯＧＳ工法",null,null,null,1,"-","-",null,null,null,100000,"/台",0,0,"丁"]
["③　ｼｰﾙ材・器具","１液型弾力性エポキシ樹脂注入工法用注入器具","ＯＧゴムチップ","ＯＧＳ工法",null,null,null,500,"-","-",null,null,null,960,"/個",0,0,"個"]
["⑩　ｼｰﾘﾝｸﾞ材","２成分形ポリサルファイド系　ｼｰﾘﾝｸﾞ材","ＰＳシール",null,null,4,"L",2,"5:1:ｶﾗｰ","-",null,null,null,2000,"/L",8000,400,"set"]
["②　断面修復関係","エポキシ樹脂モルタル","Ｐモルタル骨材","断面修復","E208：Pﾓﾙﾀﾙ骨材=1:3",9,"kg",3,"-","-",null,null,null,600,"/kg",5400,40,"ｃ/ｓ"]
["⑥土木補強用接着剤","ＲＭグラウト工法用専用骨材","ＲＭ骨材","エポモルグラウト工法","E205・E206S・E206SS等と混合",15,"kg",1,"-","-",null,null,null,400,"/kg",7200,50,"袋"]
["⑩　ｼｰﾘﾝｸﾞ材","１成分形変成シリコン系　ｼｰﾘﾝｸﾞ材","ＳＲシールＳ７０",null,"サイディング用","注意","！",1,"-","-",null,null,null,null,null,null,null,"缶"]
["⑩　ｼｰﾘﾝｸﾞ材","１成分形ﾃﾚｹﾘｯｸﾎﾟﾘｱｸﾘﾚｰﾄ系　ｼｰﾘﾝｸﾞ材","ＴＡＧ－１コーク",null,"ガラス廻り用",333,"ml",20,"-","-",null,null,null,null,null,null,null,"本"]
["⑩　ｼｰﾘﾝｸﾞ材","高弾性１成分形ポリウレタン系　ｼｰﾘﾝｸﾞ材","ＵＰ－１シール",null,"土木用　ｸﾞﾚｰ",850,"ml",12,"-","-",null,null,null,2350,"/L",2000,470,"本"]
["⑩　ｼｰﾘﾝｸﾞ材","２成分形ポリウレタン系　ｼｰﾘﾝｸﾞ材","ＵＰシール",null,"土木用",8,"kg",2,"1:4:ｶﾗｰ","-",null,null,null,3500,"/kg",28000,-1100,"set"]
["⑩　ｼｰﾘﾝｸﾞ材","２成分形ポリウレタン系　ｼｰﾘﾝｸﾞ材（高耐水圧タイプ）","ＵＰシール＃７００",null,"土木用　高耐水圧",8,"kg",2,"1:3:ｶﾗｰ","-",null,null,null,3500,"/kg",28000,-1100,"set"]
["⑩　ｼｰﾘﾝｸﾞ材","高対候性１成分形ポリウレタン系シーリング材","土木用シール極",null,"土木用","注意","！",20,null,1.35]
["④　Uｶｯﾄ工法充てん材","１液常温硬化型・可とう性エポキシ樹脂","ＵカットＯＮＥ","Ｕカットシール材充填工法",null,333,"ml",20,"-",1.43,null,null,null,4200,"/L",1400,300,"本"]
[null,null,"防水下地コークＱ",null,null,320,"ml",null,null,null,null,null,null,null,null,null,null,"本"]
["⑦　ﾗｲﾆﾝｸﾞ材","柔軟型アクリルウレタン樹脂系塗料","ＵコートＦ","コンクリート表面保護",null,18,"kg",1,"8:1","-",null,null,null,2700,"/kg",48600,400,"set"]
["⑦　ﾗｲﾆﾝｸﾞ材","アクリルウレタン樹脂系塗料","ＵコートＨ","コンクリート表面保護",null,20,"kg",1,"4:1","-",null,null,null,3000,"/kg",60000,400,"set"]
["⑦　ﾗｲﾆﾝｸﾞ材","Uコート専用うすめ液","Ｕコートうすめ液","コンクリート表面保護",null,16,"L",1,"-","-",null,null,null,900,"/kg",14400,300,"缶"]
[null,null,"ＡコートＦ",null,null,16,"kg",null,null,null,null,null,null,null,null,null,null,"set"]
["⑦　ﾗｲﾆﾝｸﾞ材","柔軟型フッ素樹脂系塗料","ＦコートＦ","コンクリート表面保護",null,14,"kg",1,"-","-",null,null,null,null,null,null,null,"set"]
["⑦　ﾗｲﾆﾝｸﾞ材","ＦコートＦ専用うすめ液","ＦコートＦうすめ液","コンクリート表面保護",null,16,"L",1,"-","-",null,null,null,null,null,null,null,"缶"]
["⑤　はく落防止関係","３軸ビニロンメッシュ","ＶＭネット","カーボピンネット工法\nｷｰﾌﾟﾒﾝﾃVM-Ⅱ工法",null,100,"m",1,"-","-",null,null,null,750,"/㎡",75000,50,"巻"]
["②　断面修復関係","ビニロン繊維配合セメント系断面復旧材（軽量）","ＶＰセメントＬ","断面修復","軽量タイプ",25,"kg",1,"20:5",1.5,null,null,null,570,"/kg",14250,-230,"set"]
["⑩　ｼｰﾘﾝｸﾞ材","１成分形アクリル系　ｼｰﾘﾝｸﾞ材","アクリルコークＮＢ",null,null,333,"ml",20,"-","-",null,null,null,2400,"/L",800,300,"本"]
["⑩　ｼｰﾘﾝｸﾞ材","１成分形ポリウレタン系　ｼｰﾘﾝｸﾞ材","ウレタンコーク",null,null,320,"ml",20,"-","-",null,null,null,3600,"/L",1200,300,"本"]
["④　Uｶｯﾄ工法充てん材","１液常温硬化型・弾性エポキシ樹脂系接着剤","エフレックス","Ｕカットシール材充填工法",null,333,"ml",20,"-",1.4,null,null,null,4200,"/L",1400,600,"本"]
["⑤　はく落防止関係","１液型弾力性エポキシ樹脂","エフレックスＦ１","カーボピンネット工法","専用希釈材：F1希釈材",10,"kg",1,"-","-",null,null,null,2000,"/kg",20000,100,"缶"]
["⑧ﾀｲﾙ・石材貼り用接着剤","１液常温硬化型・弾性エポキシ樹脂系タイル用接着剤","エフレックスタイルワン",null,"JIS A 5548・JIS A 5557",2,"kg",9,"-",1.45,null,null,null,1500,"/kg",3000,200,"本"]
["⑤　はく落防止関係","カーボンファイバー配合セメント系断面復旧材","カーボピンネット上塗り","カーボピンネット工法","亜硝酸リチウム配合\n（中性化防止効果）",29,"kg",1,"22:7",1.8,null,null,null,420,"/kg",12180,50,"set"]
["⑤　はく落防止関係","カーボンファイバー配合セメント系断面復旧材","カーボピンネット中塗り","カーボピンネット工法",null,24,"kg",1,"20:4",2,null,null,null,300,"/kg",7200,130,"set"]
[null,null,"カーボピンネット中塗り１材",null,null,20,"kg",null,null,null,null,null,null,null,null,null,null,"袋"]
[null,null,"クリアプライマー",null,null,4,"kg",null,null,null,null,null,null,null,null,null,null,"缶"]
[null,null,"アクアバインドＺ",null,null,16,"kg",null,null,null,null,null,null,null,null,null,null,"個"]
[null,null,"アクアトップコート",null,null,16,"kg",null,null,null,null,null,null,null,null,null,null,"個"]
["③　ｼｰﾙ材・器具","５分速硬化型エポキシ樹脂系接着剤","クイックメンダー",null,null,"注意！",null,6,"1:1",1.5,null,null,null,4300,"/kg",4300,500,"set"]
["③　ｼｰﾙ材・器具","３０分硬化型エポキシ樹脂系接着剤","クイックメンダー３０",null,null,1,"kg",6,"1:1",1.5,null,null,null,4300,"/kg",4300,500,"set"]
["⑩　ｼｰﾘﾝｸﾞ材","２成分形変成シリコン　ｼｰﾘﾝｸﾞ材","サイディングシール",null,null,4,"L",2,"10:1:ｶﾗｰ","-",null,null,null,2000,"/L",8000,400,"set"]
[null,null,"シールカラーマスター",null,null,160,"ｇ",null,null,"-",null,null,null,null,null,null,null,"個"]
[null,null,"ＳＤＣ",null,null,160,"g",null,null,null,null,null,null,null,null,null,null,"個"]
["⑩　ｼｰﾘﾝｸﾞ材","ｼｰﾘﾝｸﾞ材用プライマー","シールプライマー＃１",null,"土木用ｺﾝｸﾘｰﾄ・ﾓﾙﾀﾙ用",1,"kg",12,"-","-",null,null,null,2700,"/kg",2700,400,"缶"]
["⑩　ｼｰﾘﾝｸﾞ材","ｼｰﾘﾝｸﾞ材用プライマー","シールプライマー＃２",null,"サイディング用",500,"ｇ",12,"-","-",null,null,null,5000,"/kg",2500,800,"缶"]
["⑩　ｼｰﾘﾝｸﾞ材","ｼｰﾘﾝｸﾞ材用プライマー","シールプライマー＃２５",null,"耐火目地用ｼｰﾗﾝﾄ120用",500,"ｇ",12,"-","-",null,null,null,4300,"/kg",2150,700,"缶"]
["⑩　ｼｰﾘﾝｸﾞ材","ｼｰﾘﾝｸﾞ材用プライマー","シールプライマー＃３",null,"ガラス廻り用",300,"ｇ",12,"-","-",null,null,null,9000,"/kg",3000,1500,"缶"]
["⑩　ｼｰﾘﾝｸﾞ材","ｼｰﾘﾝｸﾞ材用プライマー","シールプライマー＃５",null,"油性打換用",500,"ｇ",12,"-","-",null,null,null,4300,"/kg",2150,700,"缶"]
["⑩　ｼｰﾘﾝｸﾞ材","ｼｰﾘﾝｸﾞ材用プライマー","シールプライマー＃７",null,"汎用",500,"ｇ",12,"-","-",null,null,null,4300,"/kg",2150,700,"缶"]
["⑩　ｼｰﾘﾝｸﾞ材","ｼｰﾘﾝｸﾞ材用プライマー","シールプライマー＃９",null,"汎用",500,"ｇ",12,"-","-",null,null,null,4300,"/kg",2150,700,"缶"]
[null,null,"シールプライマー＃３８",null,null,500,"g",null,null,null,null,null,null,null,null,null,null,"缶"]
["⑩　ｼｰﾘﾝｸﾞ材","ｼｰﾘﾝｸﾞ材用プライマー","シールプライマーシリコン用Ｃ",null,"ビルドシールＳＲ専用\nコンクリート・石材",300,"ml",20,"-","-",null,null,null,16000,"/kg",4800,-5200,"缶"]
["⑩　ｼｰﾘﾝｸﾞ材","ｼｰﾘﾝｸﾞ材用プライマー","シールプライマーシリコン用Ｆ",null,"ビルドシールＳＲ専用\nｶﾞﾗｽ・各種金属・塗装鋼板",300,"ml",20,"-","-",null,null,null,16000,"/kg",4800,-5200,"缶"]
["⑩　ｼｰﾘﾝｸﾞ材","ｼｰﾘﾝｸﾞ材用プライマー","シールプライマー極用",null,"土木用シール極専用",500,"g",12,"-","-",null,null,null,null,null,null,null,"缶"]
[null,null,"ＭＳ・ＦＲシール硬化促進剤",null,null,40,"g",null,null,null,null,null,null,null,null,null,null,"個"]
[null,null,"ＰＳシール硬化促進剤",null,null,50,"g",null,null,null,null,null,null,null,null,null,null,"個"]
[null,null,"ビューシール６９０９硬化促進剤",null,null,30,"g",null,null,null,null,null,null,null,null,null,null,"個"]
[null,null,"サイディングシール硬化促進剤",null,null,40,"g",null,null,null,null,null,null,null,null,null,null,"個"]
[null,null,"ＰＳシール硬化遅延剤",null,null,50,"g",null,null,null,null,null,null,null,null,null,null,"個"]
[null,null,"ＭＳ・ＦＲ・サイディング硬化遅延剤",null,null,40,"g",null,null,null,null,null,null,null,null,null,null,"個"]
[null,null,"ポリウレタン系建築用硬化遅延剤",null,null,40,"g",null,null,null,null,null,null,null,null,null,null,"個"]
[null,null,"ビルドシールＳＲ硬化遅延剤",null,null,20,"g",null,null,null,null,null,null,null,null,null,null,"個"]
["⑩　ｼｰﾘﾝｸﾞ材","１成分形シリコーン系　ｼｰﾘﾝｸﾞ材","シリコンコーク",null,null,330,"ml",20,"-","-",null,null,null,5700,"/L",1900,300,"本"]
["③　ｼｰﾙ材・器具","自動樹脂低圧注入工法用注入器具","シリンダーセット","シリンダー工法",null,null,null,100,"-","-",null,null,null,450,"/本",0,0,"個"]
["③　ｼｰﾙ材・器具","自動樹脂低圧注入工法用注入器具","シリンダーセットミニ","シリンダー工法",null,null,null,"100\n10*10","-","-",null,null,null,450,"/本",0,0,"個"]
["⑧　その他","特殊　ネットホース","ネットホース１０φ",null,"10φ＊50Ｍ",50,"ｍ",20,null,null,null,null,null,null,null,null,null,"巻"]
["⑧　その他","特殊　ネットホース","ネットホース２０φ",null,"20φ＊50Ｍ",50,"ｍ",6,null,null,null,null,null,null,null,null,null,"巻"]
["③　ｼｰﾙ材・器具","低圧樹脂注入工法専用１液型シール材（変成シリコン系）","はくりシールＯＮＥ","シリンダー工法",null,333,"ml",20,"-","-",null,null,null,4200,"/L",1400,600,"本"]
[null,null,"はくりシールクイック",null,null,333,"ml",20,"-","-",null,null,null,4200,"/L",1400,600,"本"]
["③　ｼｰﾙ材・器具","はくりシールＯＮＥ用はくり助材","はくりプライマー","シリンダー工法",null,100,"ｇ",20,"-","-",null,null,null,4200,"/L",1400,1800,"個"]
["⑩　ｼｰﾘﾝｸﾞ材","２成分形ポリウレタン系　ｼｰﾘﾝｸﾞ材","ビューシール６９０９",null,null,6,"L",2,"1:4","-",null,null,null,1500,"/L",9000,300,"set"]
["⑩　ｼｰﾘﾝｸﾞ材","２成分形シリコーン系　ｼｰﾘﾝｸﾞ材","ビルドシールＳＲ",null,null,4,"L",2,null,"-",null,null,null,null,null,null,null,"set"]
[null,null,"ビルドシール用カラー",null,null,270,"ｇ",null,null,"-",null,null,null,null,null,null,null,"個"]
["⑥土木補強用接着剤","１液硬質エポキシ樹脂","ユニエポ０１",null,null,4,"kg",1,"-",1.1499999999999999,null,null,null,null,null,null,null,"缶"]
["①　注入材","ＭＧアンカーピン固定用エポキシ樹脂","ユニエポカプセル４５０","シリンダー工法","MGアンカーピン工法専用",null,null,"2400\n200*12","2:1","-",null,null,null,3800,"/kg",0,-3500,"本"]
["①　注入材","ＭＧアンカーピン固定用エポキシ樹脂","ユニエポカプセル４７０","シリンダー工法","MGアンカーピン工法専用",null,null,"2400\n200*12","2:1","-",null,null,null,3800,"/kg",0,-3450,"本"]
["⑥土木補強用接着剤","微細ひび割れ簡易補修用・超微粒子特殊骨材","ユニエポパウダーＣＧ１",null,"ユニエポ０１と混合",4,"kg",2,"-","-",null,null,null,null,null,null,null,"袋"]
["②　断面修復関係","防錆用エポキシ樹脂系プライマー（タックコート）","ユニエポ補修用プライマー","断面修復","防錆材入",500,"ｇ",12,"-",1.2,null,null,null,6000,"/kg",3000,0,"缶"]
["⑩　ｼｰﾘﾝｸﾞ材","１成分形変成シリコン系　ｼｰﾘﾝｸﾞ材（耐火構造用）","耐火目地用シーラント",null,"2時間耐火",333,"ml",20,"-","-",null,null,null,6300,"/L",2100,300,"本"]
["⑩　ｼｰﾘﾝｸﾞ材","１成分形変成シリコン系　ｼｰﾘﾝｸﾞ材","変成シリコンコーク",null,null,333,"ml",20,"-","-",null,null,null,4800,"/L",1600,300,"本"]
[null,null,"防カビシリコンコーク",null,null,330,"ml",null,"-","-",null,null,null,5700,"/L",1900,-5700,"本"]
["⑦　ﾗｲﾆﾝｸﾞ材","ＶＭ－３用特殊変性ポリウレア樹脂含浸接着剤","ＶＭ－３中塗り","各種ライニング工法","ＮＥＸＣＯはく落防止規格適合",13.5,"kg",1,"1:1",1.3,null,null,null,null,null,null,null,"set"]
[null,null,"ＶＭ－３中塗り希釈剤",null,null,270,"g",null,null,null,null,null,null,null,null,null,null,"缶"]
["⑦　ﾗｲﾆﾝｸﾞ材","ＶＭ－３用エポキシ樹脂プライマー","ＶＭプライマー","各種ライニング工法","ＮＥＸＣＯはく落防止規格適合",4,"kg",1,"1:1",1.1499999999999999,null,null,null,null,null,null,null,"缶"]
["⑦　ﾗｲﾆﾝｸﾞ材","ＶＭプライマー用硬化促進剤","ＶＭプライマー促進剤",null,"ＮＥＸＣＯはく落防止規格適合",800,"g",10,null,"-",null,null,null,null,null,null,null,"缶"]
[null,null,"トリネオ―ＴＳＳ１８１０Ｙ",null,null,100,"m",null,null,null,null,null,null,null,null,null,null,"本"]
[null,null,"ＶＭプライマー促進剤",null,null,800,"g",null,null,null,null,null,null,null,null,null,null,"缶"]
[null,null,"Ｅ２０００",null,null,"注意","！",null,null,null,null,null,null,null,null,null,null,"set"]
[null,null,"Ｅ２０００Ｓ",null,null,"注意","！",null,null,null,null,null,null,null,null,null,null,"set"]
[null,null,"Ｅ２０００Ｗ",null,null,"注意","！",null,null,null,null,null,null,null,null,null,null,"set"]
[null,null,"マイクロクラック補修用プライマー",null,null,"注意","！",null,null,null,null,null,null,null,null,null,null,"set"]
[null,null,"Ｅ４８８",null,null,20,"kg",null,null,null,null,null,null,null,null,null,null,"set"]
[null,null,"ＶＭネットレス中塗り",null,null,16,"kg",null,null,null,null,null,null,null,null,null,null,"set"]
[null,null,"ＶＭネットレス下塗り",null,null,4,"kg",null,null,null,null,null,null,null,null,null,null,"個"]
[null,null,"ＶＭクリアプライマー",null,null,4,"㎏",null,null,null,null,null,null,null,null,null,null,"缶"]
[null,null,"ＶＭクリア",null,null,6,"kgset",null,null,null,null,null,null,null,null,null,null,"set"]
[null,null,"ＡＵトップ",null,null,18,"kg",null,null,null,null,null,null,null,null,null,null,"set"]
[null,null,"ＡＵトップうすめ液",null,null,16,"L",1,"-","-",null,null,null,900,"/kg",14400,300,"缶"]
["②　断面修復関係","高炉スラグ・繊維入りポリマーセメントモルタル","エフモル０５",null,"NEXCO 断面修復材",25,"kg",1,null,1.7749999999999999,null,null,null,null,null,null,null,"袋"]
["②　断面修復関係","高炉スラグ・繊維入りポリマーセメントモルタル","エフモル０５",null,"NEXCO 断面修復材",12.5,"kg",1,null,1.7749999999999999,null,null,null,null,null,null,null,"袋"]

{"sheet":"入力補助","index":1,"n_rows":39,"n_cols":9,"rows_kept":39,"cut":false,"hidden":true,"merged":[[4,0,6,3],[19,0,21,3],[9,0,11,3],[33,2,33,5],[32,2,32,5],[31,2,31,5],[30,2,30,5],[29,2,29,5],[28,2,28,5],[27,2,27,5],[14,0,16,3]]}
["代理店","ＭＯＲ",null,null,null,null,null,"ジャパン","ＪＡＭ"]
[{"$f":"TODAY()","v":"2021-06-24"},null,null,null,null,null,null,"ウメモト","ＵＭＥ"]
[null,null,null,null,null,null,null,"コニシ技建","ＫＯＮ"]
["ctrl+m",null,null,null,null,null,null,"サンライズ","ＳＲＳ"]
["エポのシートを末尾にコピーします。その際このシートのＢ1セルとその日の日付が入力されます。またシート名は日付以降を入力してください。",null,null,null,null,null,null,"シンコー","ＳＮＫ"]
[null,null,null,null,null,null,null,"スギタ","ＳＧＴ"]
[null,null,null,null,null,null,null,"ツダ京都","ＴＫＫ"]
[null,null,null,null,null,null,null,"ツダ　神戸","ＴＫＨ"]
["ctrl+f",null,null,null,null,null,null,"ツダ　大阪","ＴＫＯ"]
["単位が入力されます",null,null,null,null,null,null,"フジキ","ＦＪＫ"]
[null,null,null,null,null,null,null,"フヨー","ＦＵＹ"]
[null,null,null,null,null,null,null,"ボンドエンジ","ＢＥ"]
[null,null,null,null,null,null,null,"モリシタ","ＭＯＲ"]
["ctrl+s",null,null,null,null,null,null,"ヤブ原","ＹＡＢ"]
["ブック全体から特定商品の出荷実績を作成します。商品名の入力は通常時の入力と同様に下記の入力規則に従ってください。",null,null,null,null,null,null,"化研","ＫＡＭ"]
[null,null,null,null,null,null,null,"宮崎","ＭＩＹ"]
[null,null,null,null,null,null,null,"五松商事","ＧＳＳ"]
[null,null,null,null,null,null,null,"三協商事","ＳＡＮ"]
[null,null,null,null,null,null,null,"小川商事","ＯＧＡ"]
["このシートのＢ1セルを書き換える事で各代理店用のものに変えれます。単位入力に「製品一覧表シート」を利用しているので削除しないでください。",null,null,null,null,null,null,"小林塗料","ＫＯＢ"]
[null,null,null,null,null,null,null,"西山産業","ＮＩＳ"]
[null,null,null,null,null,null,null,"前田精市","ＭＡＥ"]
[null,null,null,null,null,null,null,"大協建材","ＤＡＭ"]
["入力規則",null,null,null,null,null,null,"大同塗料","ＤＡＩ"]
["「ボンド　○○○」の形式で全て全角で入力してください（ボンドの後ろの空白は全角スペース）",null,null,null,null,null,null,"中島商会","ＮＡＫ"]
["また、○○○の部分に全角スペースを使用しないでください。",null,null,null,null,null,null,"朝日興産","ＡＳＫ"]
["Ｓ・Ｗなどのアルファベットも（）を使用せずに記載してください。",null,null,null,null,null,null,"東光商会","ＴＯＫ"]
["入力例","判定","理由",null,null,null,null,"イナモト","ＩＮＭ"]
["ボンド　Ｅ２０８Ｓ","ＯＫ"]
["Ｅ２０８Ｓ","ＮＧ","「ボンド　」が入力されていない"]
["ボンド　E208S","ＮＧ","「E208S」が半角になっている"]
["ボンド Ｅ２０８Ｓ","ＮＧ","スペースが半角になっている"]
["ボンド　Ｅ２０８（Ｓ）","ＮＧ","（）が使用されている"]
["ボンド　Ｅ２０８　Ｓ","ＮＧ","Ｓの前にスペースが挿入されている"]
[]
["上記の入力規則を満たしているにも関わらず単位が入力されない場合、製品一覧表シートに商品を追加してください。"]
["追加手順は以下の通りです。"]
["①製品一覧表シートの最終行に製品情報を入力する。"]
["②製品名列（Ｃ列）で昇順にソート"]

{"sheet":"表紙","index":2,"n_rows":28,"n_cols":27,"rows_kept":28,"cut":false,"hidden":false,"merged":[[7,21,7,22],[7,23,7,24],[7,25,7,26],[1,0,1,26],[2,21,2,26],[4,21,4,22],[5,20,5,26],[6,0,6,3],[6,5,6,13],[6,14,6,18],[6,21,6,22],[6,23,6,24],[6,25,6,26],[9,0,10,4],[9,5,12,7],[13,0,13,2],[13,3,13,20],[7,0,7,3],[7,5,7,13],[7,14,7,18],[13,21,13,26],[14,0,14,2],[14,3,14,20],[19,18,19,19],[22,2,22,6],[22,8,22,9],[30,2,30,6],[35,2,35,15],[11,0,11,2],[12,0,12,2],[23,2,23,6],[24,2,24,6],[25,2,25,6],[26,2,26,6],[27,2,27,6],[29,2,29,6]]}
[]
["書 類 発 行 依 頼 書"]
[null,null,null,null,null,null,null,null,null,null,null,null,null,null,null,null,null,null,null,null,"依頼日",{"$f":"TODAY()","v":"2021-06-24"}]
["宛先：コニシ株式会社大阪土木建設営業部　御中"]
[]
[null,null,null,null,null,null,null,null,null,null,null,null,null,null,null,null,null,null,null,null,"※コニシ承認欄"]
["コニシ営業担当者",null,null,null,null,"依頼代理店名",null,null,null,null,null,null,null,null,"依頼担当者",null,null,null,null,null,"担当取締役","事業部長",null,"ﾏﾈｰｼﾞｬｰ",null,"ﾘｰﾀﾞｰ"]
[null,null,null,null,null,"　　 　　",null,null,null,null,null,null,null,null,"　　　　　様"]
[]
[null,null,null,null,null,"発送先",null,null,"会社名：",null,null,null,null,null,null,null,null,null,null,null,null,"担当者："]
[null,null,null,null,null,null,null,null,"住所：","〒（郵便番号は必ずご記入下さい）"]
["出荷証明書：",null,null,null,"部"]
["保証書：",null,null,null,"部",null,null,null,"℡："]
["必要書類：",null,null,null,null,null,null,null,null,null,null,null,null,null,null,null,null,null,null,null,null,"施工時の使用材料金額"]
["備考：",null,null,null,null,null,null,null,null,null,null,null,null,null,null,null,null,null,null,null,null,null,null,null,null,null,"円"]
[]
[]
[]
[]
[]
["　　　　　　　　　　　　　"]
[]
[null,null,"発行日付",null,null,null,null,"：",null,null,"年",null,"月",null,"日"]
[null,null,"宛名",null,null,null,null,"："]
[null,null,"工　　事　　名　　称",null,null,null,null,"："]
[null,null,"現　　場　　住　　所",null,null,null,null,"："]
[null,null,"元請業者",null,null,null,null,"："]
[null,null,"施工業者",null,null,null,null,"："]

{"sheet":"シーリング保証書","index":3,"n_rows":49,"n_cols":27,"rows_kept":49,"cut":false,"hidden":false,"merged":[[11,2,11,5],[0,0,1,25],[3,21,3,22],[3,23,3,25],[10,2,10,5],[5,18,5,20],[21,2,21,24],[22,2,22,24],[23,2,23,15],[12,2,12,5],[13,2,13,5],[14,2,14,5],[16,2,16,5],[17,2,17,5],[20,2,20,24],[17,8,17,9]]}
["保　　証　　書"]
[]
[]
[null,null,null,null,null,null,null,null,null,null,null,null,null,null,null,null,null,null,null,null,null,"ＵＭＥ",null,{"$f":"表紙!V3","v":"2021-06-24"}]
[]
[null,null,null,null,null,null,null,null,null,null,null,null,null,null,null,null,null,null,{"$f":"(表紙!I23)&\"\"","v":""},null,null,"年",{"$f":"(表紙!L23)&\"\"","v":""},"月",{"$f":"(表紙!N23)&\"\"","v":""},"日"]
[]
[{"$f":"IF(表紙!I24=\"\",\"　　　　　　　　　　　　　御中\",表紙!I24)","v":"　　　　　　　　　　　　　御中"}]
[]
[]
[null,null,"工　　事　　名　　称",null,null,null,null,"：",{"$f":"(表紙!I25)&\"\"","v":""}]
[null,null,"現　　場　　住　　所",null,null,null,null,"：",{"$f":"(表紙!I26)&\"\"","v":""}]
[null,null,"施　　工　　箇　　所",null,null,null,null,"："]
[null,null,"施工仕様・施工量",null,null,null,null,"："]
[null,null,"使用材料・使用量",null,null,null,null,"："]
[]
[null,null,"保　　証　　内　　容",null,null,null,null,"：","防水機能の維持（漏水に至るはく離・破断を生じないこと）"]
[null,null,"保　　証　　期　　間",null,null,null,null,"：",null,null,"年",null,"月",null,"日","より",null,"年間"]
[]
[]
[null,null,"　上記シーリング工事に関し、防水保証期間内にシーリング材のはく離・破断が原因で、"]
[null,null,"室内漏水事故が生じた場合、当事者が立会って原因を調査し,協議の上、当方に過失"]
[null,null,"のある場合は該当箇所を、施工についての欠陥は甲と乙が、又丙の材料に関しての"]
[null,null,"欠陥は丙がそれぞれ補修責任を負担いたします。"]
[null,null,"但し、下記の事項につきましては、免責とさせて頂きます。"]
[]
[null,null,null,null,"（１）","天変地異、及びその他不可抗力による場合。"]
[null,null,null,null,"（２）","構造上及び設計上の欠陥に起因する場合。"]
[null,null,null,null,"（３）","材料の許容性能を超えて使用された場合。"]
[null,null,null,null,"（４）","施工部位外で生じた事故及び故意の損傷による場合。"]
[null,null,null,null,"（５）","原因究明が通常の方法によっては困難と認められる場合。"]
[]
[]
[null,null,null,"（甲）元請業者",null,null,null,null,null,null,null,null,null,null,null,null,null,null,null,null,null,null,null,null,null,null,{"$f":"(表紙!I27)&\"\"","v":""}]
[]
[]
[]
[]
[]
[null,null,null,"（乙）施工業者",null,null,null,null,null,null,null,null,null,null,null,null,null,null,null,null,null,null,null,null,null,null,{"$f":"(表紙!I28)&\"\"","v":""}]
[]
[]
[]
[]
[]
[null,null,null,"（丙）材料製造業者",null,null,null,null,"大阪市中央区道修町１－７－１"]
[null,null,null,null,null,null,null,null,"コニシ　株式会社"]
[null,null,null,null,null,null,null,null,"土木建設営業本部"]
[null,null,null,null,null,null,null,null,"本部長　　巖　利彦"]